000 00253nam a22000977a 4500
008 170125b xxu||||| |||| 00| 0 eng d
041 _aeng
080 _a618.2
245 _aTHE NEW CHADD INFORMATION AND RESOURSE GUIDE TO AD/HD
_cROSS, E.C
942 _2udc
_cBK
999 _c3592
_d3592